000 00455nam a2200193Ia 4500
008 240510s9999 xx 000 0 und d
020 _a0000749444061
041 _aEng
082 _a174.9
082 _bP16
100 _aPARSONS,PATRICIA J.
245 0 _aEthics In Public Relations: A Guide to Best Practice
260 _bIndia,Kogan Page
260 _c2004
300 _a187 p.
650 _aPublic Relations
942 _2ddc
942 _cLBK
999 _c29159
_d29159
945 _a1
_bMadushi Gamage
_c1
_dMadushi Gamage